Statistics for Top 50 World Universities

Click here to take the quiz!

General Stats

  • This quiz has been taken 52 times
  • The average score is 19 of 50

Answer Stats

Answer% Correct
Harvard University
92%
University of Oxford
88%
University of Cambridge
82%
Yale University
82%
Massachusetts Institute of Technology
72%
Princeton University
72%
University College London
70%
Stanford University
68%
University of California, Los Angeles
68%
Columbia University
60%
New York University
60%
University of Chicago
58%
University of Pennsylvania
58%
University of Tokyo
58%
Cornell University
54%
University of Michigan-Ann Arbor
50%
Swiss Federal Institute of Technology, Zurich
46%
Duke University
44%
University of Toronto
44%
California Institute of Technology
40%
Northwestern University
40%
University of Paris-Sud
40%
University of Melbourne
38%
University of Texas at Austin
38%
University of Washington
38%
Imperial College London
32%
University of Edinburgh
30%
University of Wisconsin - Madison
30%
University of Manchester
28%
Technical University Munich
26%
University of North Carolina at Chapel Hill
26%
Johns Hopkins University
24%
Kyoto University
24%
Tsinghua University
24%
Vanderbilt University
24%
University of Illinois at Urbana-Champaign
20%
University of California, San Diego
18%
Sorbonne University
16%
University of British Columbia
10%
University of California, Berkely
10%
University of Copenhagen
10%
University of Minnesota, Twin Cities
10%
Washington University in St Louis
10%
University of California, San Francisco
8%
University of Colorado at Boulder
8%
Heidelberg University
6%
University of Texas Southwestern Medical Center at Dallas
6%
University of California, Santa Barbara
4%
Karolinska Institute
0%
Rockefeller University
0%

Score Distribution

Percentile by Number Answered

Percent of People with Each Score

Your Score History

You have not taken this quiz